UBT Library

Left side, right side : (Record no. 40272)

000 -LEADER
fixed length control field 00576cam a2200217 a 4500
001 - CONTROL NUMBER
control field 2861851
005 - DATE AND TIME OF LATEST TRANSACTION
control field 20180115071822.0
008 - FIXED-LENGTH DATA ELEMENTS--GENERAL INFORMATION
fixed length control field 851017t19861985ctua b 001 0 eng
010 ## - LIBRARY OF CONGRESS CONTROL NUMBER
LC control number 85052037
020 ## - INTERNATIONAL STANDARD BOOK NUMBER
International Standard Book Number 0300035497
040 ## - CATALOGING SOURCE
Original cataloging agency DLC
Transcribing agency DLC
Modifying agency DLC
041 ## - LANGUAGE CODE
Language code of text/sound track or separate title eng
080 ## - UNIVERSAL DECIMAL CLASSIFICATION NUMBER
Universal Decimal Classification number 152.335 BEA
082 00 - DEWEY DECIMAL CLASSIFICATION NUMBER
Classification number 152.335 BEA
Edition number 19
100 1# - Rafti
Rafti 24
101 ## - Shkurtesa
Shkurtesa FIL
245 10 - TITLE STATEMENT
Title Left side, right side :
Statement of responsibility, etc Alan Beaton.
504 ## - BIBLIOGRAPHY, ETC. NOTE
Bibliography, etc Bibliography: p. [294]-359.
906 ## - LOCAL DATA ELEMENT F, LDF (RLIN)
a 7
b cbc
c orignew
d 3
e ocip
f 19
g y-gencatlg
942 ## - ADDED ENTRY ELEMENTS (KOHA)
Source of classification or shelving scheme
Item type Books
Holdings
Withdrawn status Lost status Source of classification or shelving scheme Damaged status Not for loan Collection code Permanent location Current location Shelving location Date acquired Total Checkouts Full call number Barcode Date last seen Price effective from Koha item type
          Koleksioni i përgjithshem UBT - Lipjan UBT - Lipjan Koleksioni i përgjithshem 01/15/2018   152.335 BEA 002-2995555 01/15/2018 01/15/2018 Books
UBT Library © 2015-2024. All rights reserved University Education for Business and Technology